Algebra moderna

Sparad:
Bibliografiska uppgifter
Huvudupphovsmän: Birkhoff, Garrett (Författare, medförfattare), MacLane, Saunders (Författare, medförfattare)
Materialtyp: Bok
Språk:engelska
Publicerad: Barcelona Teide 1954
Upplaga:1a. ed
Serie:Grandes Ediciones Científicas y Literarias
Ämnen:
Taggar: Lägg till en tagg
Inga taggar, Lägg till första taggen!

MARC

LEADER 00000cam a2200000 a 4500
001 UCF2292
003 CL-VaPUC
008 120817e19540000SP |||||||||||||||||eng|d
082 0 4 |a 512  |b BIR  |2 21 
100 0 |a Birkhoff, Garrett  |e author  |9 563879 
700 0 |a MacLane, Saunders  |e author  |9 563880 
245 1 0 |a Algebra moderna 
250 |a 1a. ed 
300 |a 503 p 
942 |c BK 
945 |d 20120817 00:00:00  |a cmena 
260 |a Barcelona  |b Teide  |c 1954 
650 0 |a Álgebra  |9 259567 
650 0 |a Polinomios  |9 270626 
650 0 |a Números racionales   |9 316867 
650 0 |a Números reales   |9 270334 
650 0 |a Teoría de grupos   |9 270028 
650 0 |a Teoría de Galois  |9 271494 
583 |a last modification  |c 20120817 11:35:00  |k Rodrigo Vera 
490 0 |a Grandes Ediciones Científicas y Literarias 
999 |c 348865  |d 348863